| 000 | 01253nam2a22002291 4500 | ||
|---|---|---|---|
| 001 | v19\rc\2019573 | ||
| 005 | 20250620004129.0 | ||
| 035 | _a(NLR Aleph) 005100164 | ||
| 090 |
_a7384218 _c7384218 |
||
| 100 | _a20080925d1908 |||y0rusy50 ca | ||
| 101 | 0 | _arus | |
| 102 | _aRU | ||
| 105 | _ay z ||||| | ||
| 200 | 1 |
_aО казенных подрядах и поставках _eОб основаниях желательной системы казенных заготовлений и работ _eЗаписка Е.Л. Любовича |
|
| 215 | _a12 с. | ||
| 461 | 0 |
_1001v19\rc\2019559 _12001#$a[Доклады и записки$e1-15$f3-й Очередной съезд представителей промышленности и торговли$v[14] _97384076 _aСъезд представителей промышленности и торговли (3 ; 1908 ; Петербург) _cСанкт-Петербург _d1908] _f3-й Очередной съезд представителей промышленности и торговли _o1-15 _p15 с. _t[Доклады и записки _v[14] |
|
| 700 | 1 |
_aЛюбович _bЕ.Л. |
|
| 801 | 0 |
_aRU _bNLR _gpsbo |
|
| 801 | 1 |
_aRU _bProSoft-M _2rusmarc |
|
| 852 |
_aNLR _j122/45 |
||
| 942 | _cBOOK | ||
| 980 | _aNB | ||